LEADER 02196oam 2200493M 450 001 9910716256303321 005 20200213070507.5 035 $a(CKB)5470000002519562 035 $a(OCoLC)1065777079 035 $a(OCoLC)995470000002519562 035 $a(EXLCZ)995470000002519562 100 $a20071213d1926 ua 0 101 0 $aeng 135 $aurcn||||||||| 181 $ctxt$2rdacontent 182 $cc$2rdamedia 183 $acr$2rdacarrier 200 10$aTo enable the Rock Creek and Potomac Parkway Commission to complete the acquisition of land for the parkway between Rock Creek Park, the Zoological Park, and Potomac Park. February 1 (calendar day, February 8), 1926. -- Ordered to be printed 210 1$a[Washington, D.C.] :$c[U.S. Government Printing Office],$d1926. 215 $a1 online resource (4 pages) 225 1 $aSenate report / 69th Congress, 1st session. Senate ;$vno. 152 225 1 $a[United States congressional serial set ] ;$v[serial no. 8524] 300 $aBatch processed record: Metadata reviewed, not verified. Some fields updated by batch processes. 300 $aFDLP item number not assigned. 517 $aTo enable the Rock Creek and Potomac Parkway Commission to complete the acquisition of land for the parkway between Rock Creek Park, the Zoological Park, and Potomac Park. February 1 606 $aFederal aid to transportation 606 $aGovernment purchasing of real property 606 $aParkways 606 $aRoads 608 $aLegislative materials.$2lcgft 615 0$aFederal aid to transportation. 615 0$aGovernment purchasing of real property. 615 0$aParkways. 615 0$aRoads. 701 $aCapper$b Arthur$f1865-1951$pRepublican (KS)$01386839 801 0$bWYU 801 1$bWYU 801 2$bOCLCO 801 2$bOCLCQ 801 2$bOCLCO 906 $aBOOK 912 $a9910716256303321 996 $aTo enable the Rock Creek and Potomac Parkway Commission to complete the acquisition of land for the parkway between Rock Creek Park, the Zoological Park, and Potomac Park. February 1 (calendar day, February 8), 1926. -- Ordered to be printed$93463473 997 $aUNINA